[Event "Reykjavik op"]
[Site "Reykjavik"]
[Date "2014.03.11"]
[Round "9"]
[White "Bjornsson, Bjorn Freyr"]
[Black "Bjornsson, Sigurbjorn"]
[Result "1/2-1/2"]
[WhiteElo "2158"]
[BlackElo "2360"]
[PlyCount "35"]
[EventDate "2014.03.04"]
[EventType "swiss"]
[EventRounds "10"]
[EventCountry "ISL"]
[SourceTitle "CBM 159 Extra"]
[Source "ChessBase"]
[SourceDate "2014.04.24"]
[SourceVersion "1"]
[SourceVersionDate "2014.04.24"]
[SourceQuality "1"]

1. e4 e5 2. Nf3 Nc6 3. Bc4 Bc5 4. b4 Bxb4 5. c3 Ba5 6. d4 exd4 7. 0-0 Nf6 8. Ba3 Ne7 9. e5 Ne4 10. Qxd4 d5 11. exd6 Nxd6 12. Qxg7 Rg8 13. Qxh7 Bf5 14. Qh4 Rg4 15. Qh8+ Rg8 16. Qh4 Rg4 17. Qh8+ Rg8 18. Qh4 1/2-1/2

[Event "Reykjavik op"]
[Site "Reykjavik"]
[Date "2012.03.11"]
[Round "6"]
[White "Sigurjonsson, Siguringi"]
[Black "Bjornsson, Bjorn Freyr"]
[Result "1/2-1/2"]
[WhiteElo "1944"]
[BlackElo "2183"]
[PlyCount "37"]
[EventDate "2012.03.06"]
[EventType "swiss"]
[EventRounds "9"]
[EventCountry "ISL"]
[SourceTitle "CBM 147 Extra"]
[Source "ChessBase"]
[SourceDate "2012.04.24"]
[SourceVersion "1"]
[SourceVersionDate "2012.04.24"]
[SourceQuality "1"]

1. g3 Nf6 2. Bg2 g6 3. Nf3 Bg7 4. d3 d5 5. 0-0 c5 6. c3 Nc6 7. Re1 0-0 8. Nbd2 e5 9. e4 d4 10. Nc4 dxc3 11. bxc3 Qc7 12. Ne3 Rd8 13. Qc2 b6 14. Bb2 Bb7 15. Rad1 Rac8 16. Ba3 Ra8 17. Bb2 Rac8 18. Bh3 Ra8 19. Bg2 1/2-1/2

[Event "Reykjavik op"]
[Site "Reykjavik"]
[Date "2012.03.09"]
[Round "4"]
[White "Bjornsson, Bjorn Freyr"]
[Black "L'Ami, Alina"]
[Result "0-1"]
[WhiteElo "2183"]
[BlackElo "2372"]
[PlyCount "160"]
[EventDate "2012.03.06"]
[EventType "swiss"]
[EventRounds "9"]
[EventCountry "ISL"]
[SourceTitle "CBM 147 Extra"]
[Source "ChessBase"]
[SourceDate "2012.04.24"]
[SourceVersion "1"]
[SourceVersionDate "2012.04.24"]
[SourceQuality "1"]

1. d4 Nf6 2. c4 g6 3. g3 Bg7 4. Bg2 0-0 5. Nf3 d6 6. Nc3 c6 7. 0-0 Bf5 8. Nh4 Be6 9. Qd3 d5 10. c5 b6 11. cxb6 axb6 12. Bg5 Qd7 13. Bxf6 Bxf6 14. Nf3 Bh3 15. Bxh3 Qxh3 16. e4 dxe4 17. Nxe4 Bg7 18. Qb3 Ra5 19. Neg5 Qg4 20. h3 Qd7 21. Rad1 h6 22. Ne5 Qd5 23. Ngf3 Qxb3 24. axb3 Rd8 25. Ra1 Rad5 26. Ra7 c5 27. Rxe7 cxd4 28. Nd3 Rb5 29. b4 Nc6 30. Re2 Nxb4 31. Rd1 Na6 32. Ra1 Nc5 33. Nfe1 Rb3 34. Rd2 h5 35. Ra7 Bh6 36. Rd1 Re8 37. Kf1 Bg7 38. Rc7 Ne6 39. Rb7 Ra8 40. Rc1 Bf8 41. Ke2 h4 42. gxh4 Bh6 43. Rc4 b5 44. Rc2 Nf4+ 45. Nxf4 Re8+ 46. Kd1 Bxf4 47. Rd7 Be5 48. Re2 Kf8 49. Kc2 Rxh3 50. Nd3 Rc8+ 51. Kd2 Bg7 52. Ree7 Rf3 53. Ke2 Rf5 54. f4 Re8 55. Rxe8+ Kxe8 56. Rb7 Bf6 57. Kf3 Bxh4 58. Ke4 Bg3 59. Rb8+ Ke7 60. Rb7+ Kf8 61. Rd7 Ke8 62. Rxd4 Ke7 63. Kf3 Bh4 64. Ke4 Ke6 65. b4 Be7 66. Ne5 Bd6 67. Nd3 f6 68. Ke3 Rh5 69. Re4+ Kd5 70. Re8 Rh3+ 71. Ke2 Kc4 72. Re4+ Kc3 73. Nf2 Rh2 74. Kf3 Bxb4 75. Ng4 Rh3+ 76. Kg2 Rd3 77. Nxf6 Bd6 78. Ng4 b4 79. Kf2 Rd2+ 80. Kf3 Bc5 0-1

[Event "Reykjavik op 23rd"]
[Site "Reykjavik"]
[Date "2008.03.11"]
[Round "9"]
[White "Gretarsson, Hjorvar Steinn"]
[Black "Bjornsson, Bjorn Freyr"]
[Result "1-0"]
[WhiteElo "2247"]
[BlackElo "2194"]
[PlyCount "53"]
[EventDate "2008.03.03"]
[EventType "swiss"]
[EventRounds "9"]
[EventCountry "ISL"]
[SourceTitle "CBM 123 Extra"]
[Source "ChessBase"]
[SourceDate "2008.05.06"]
[SourceVersion "1"]
[SourceVersionDate "2008.05.06"]
[SourceQuality "1"]

1. c4 Nf6 2. Nc3 g6 3. e4 d6 4. d4 Bg7 5. f3 0-0 6. Nge2 c6 7. Bg5 a6 8. Qd2 b5 9. Ng3 Nbd7 10. Bh6 Bxh6 11. Qxh6 bxc4 12. Bxc4 Qb6 13. Qd2 Rb8 14. b3 a5 15. 0-0 c5 16. Na4 Qa7 17. d5 Ne5 18. Nb2 Nxc4 19. Nxc4 a4 20. f4 Ba6 21. e5 Bxc4 22. bxc4 Ne8 23. Ne4 Rb4 24. Qc3 Qa6 25. Rac1 f6 26. Qh3 Rxc4 27. Qd3 1-0

[Event "Reykjavik op 23rd"]
[Site "Reykjavik"]
[Date "2008.03.07"]
[Round "5"]
[White "Cross, Ted"]
[Black "Bjornsson, Bjorn Freyr"]
[Result "1/2-1/2"]
[WhiteElo "2079"]
[BlackElo "2194"]
[PlyCount "35"]
[EventDate "2008.03.03"]
[EventType "swiss"]
[EventRounds "9"]
[EventCountry "ISL"]
[SourceTitle "CBM 123 Extra"]
[Source "ChessBase"]
[SourceDate "2008.05.06"]
[SourceVersion "1"]
[SourceVersionDate "2008.05.06"]
[SourceQuality "1"]

1. e4 e5 2. Nf3 Nc6 3. Bc4 Bc5 4. c3 Nf6 5. d4 exd4 6. cxd4 Bb4+ 7. Bd2 Bxd2+ 8. Nbxd2 d5 9. exd5 Nxd5 10. Qb3 Nce7 11. 0-0 0-0 12. Rfe1 c6 13. Ne4 Qb6 14. Nc3 Be6 15. Qxb6 axb6 16. Ng5 Nf5 17. Bxd5 Bxd5 18. Nxd5 1/2-1/2

[Event "Reykjavik op 23rd"]
[Site "Reykjavik"]
[Date "2008.03.06"]
[Round "4"]
[White "Bjornsson, Bjorn Freyr"]
[Black "Magnusson, Bjarni"]
[Result "1-0"]
[WhiteElo "2194"]
[BlackElo "1913"]
[PlyCount "109"]
[EventDate "2008.03.03"]
[EventType "swiss"]
[EventRounds "9"]
[EventCountry "ISL"]
[SourceTitle "CBM 123 Extra"]
[Source "ChessBase"]
[SourceDate "2008.05.06"]
[SourceVersion "1"]
[SourceVersionDate "2008.05.06"]
[SourceQuality "1"]

1. e4 d6 2. d4 Nf6 3. Nc3 g6 4. f4 Bg7 5. Nf3 0-0 6. Bd3 Nc6 7. d5 Nb4 8. Be2 a5 9. Be3 Bg4 10. 0-0 Nd7 11. Nd4 Bxe2 12. Qxe2 Rc8 13. a3 c5 14. Nf3 Na6 15. Rf2 Nc7 16. a4 Bxc3 17. bxc3 f5 18. c4 fxe4 19. Ng5 Nf6 20. Bd2 b6 21. f5 gxf5 22. Rxf5 Qd7 23. Raf1 Qxa4 24. Nxh7 Rf7 25. Nxf6+ exf6 26. Bc3 Ne8 27. Qg4+ Rg7 28. Qxe4 Qd7 29. Kh1 Rc7 30. g4 Rg6 31. Rg1 Qe7 32. Qf3 Qh7 33. g5 Rf7 34. gxf6 Rxg1+ 35. Kxg1 Qg6+ 36. Kh1 Qh6 37. Rf4 Kf8 38. Qf2 a4 39. Bb2 a3 40. Bxa3 Rxf6 41. Rxf6+ Qxf6 42. Kg2 Kf7 43. Bb2 Qxf2+ 44. Kxf2 Nc7 45. Ke3 Na6 46. Bc3 Nb8 47. Kf4 Nd7 48. h4 Kg6 49. h5+ Kxh5 50. Kf5 Nf8 51. Bg7 Ng6 52. Ke6 Nf4+ 53. Kxd6 Kg6 54. Be5 Ng2 55. Kc6 1-0

[Event "ISL-chT 0001"]
[Site "Reykjavik"]
[Date "2000.11.19"]
[Round "4"]
[White "Baldursson, Hrannar"]
[Black "Bjornsson, Bjorn Freyr"]
[Result "0-1"]
[WhiteElo "2129"]
[BlackElo "2219"]
[PlyCount "102"]
[EventDate "2000.11.17"]
[EventType "team-tourn"]
[EventRounds "7"]
[EventCountry "ISL"]
[SourceTitle "CBM 079 Extra"]
[Source "ChessBase"]
[SourceDate "2001.01.11"]
[SourceVersion "2"]
[SourceVersionDate "2001.01.25"]
[SourceQuality "1"]

1. e4 e5 2. Nf3 Nc6 3. Bc4 Bc5 4. c3 Nf6 5. d3 d6 6. h3 h6 7. 0-0 Qe7 8. b4 Bb6 9. Be3 g5 10. Nbd2 Be6 11. Qe2 0-0 12. Rfe1 Rae8 13. a4 Bxe3 14. fxe3 Bxc4 15. Nxc4 d5 16. exd5 Nxd5 17. b5 Nb8 18. Nfxe5 Nxc3 19. Qh5 Kg7 20. Rf1 Qe6 21. e4 Nd7 22. Rf5 Nxe5 23. Nxe5 Qb6+ 24. Kh1 Rxe5 25. Rxe5 Qd4 26. Rf5 Ne2 27. Qxe2 Qxa1+ 28. Kh2 Qxa4 29. Qh5 Qd4 30. h4 Qd6+ 31. e5 Qg6 32. Qf3 gxh4 33. Rf4 Qg3+ 34. Qxg3+ hxg3+ 35. Kxg3 Rd8 36. d4 Rd5 37. Rg4+ Kf8 38. Rh4 Ke7 39. Kf3 Rxb5 40. Rxh6 a5 41. Rh8 Rb6 42. Rc8 c6 43. Ke4 a4 44. Kd3 a3 45. Ra8 Ra6 46. Rxa6 bxa6 47. Kc3 Ke6 48. g4 c5 49. dxc5 Kxe5 50. Kb3 Kd5 51. Kxa3 Kxc5 0-1

[Event "Gudmundur Arason 5th"]
[Site "Hafnarfjordur"]
[Date "1999.12.20"]
[Round "9"]
[White "Bosboom, Manuel"]
[Black "Bjornsson, Bjorn Freyr"]
[Result "1-0"]
[WhiteElo "2476"]
[BlackElo "2250"]
[PlyCount "80"]
[EventDate "1999.12.12"]
[EventType "tourn"]
[EventRounds "9"]
[EventCountry "ISL"]
[EventCategory "3"]
[SourceTitle "CBM 073 Extra"]
[Source "ChessBase"]
[SourceDate "2000.01.11"]
[SourceVersion "1"]
[SourceVersionDate "2000.01.11"]
[SourceQuality "1"]

1. c4 Nf6 2. Nf3 e6 3. g3 b6 4. Bg2 Bb7 5. 0-0 Be7 6. Nc3 0-0 7. Re1 d5 8. cxd5 exd5 9. d4 Nbd7 10. Bf4 a6 11. Rc1 c5 12. dxc5 Nxc5 13. Be5 Qd7 14. Bd4 a5 15. Ne5 Qe6 16. Nd3 Nfe4 17. Nf4 Qf5 18. Na4 Nxa4 19. Qxa4 Bc5 20. Bxc5 bxc5 21. f3 Nf6 22. Rxc5 Qe5 23. Qa3 Qd6 24. Rec1 Qb6 25. Qb3 Qxb3 26. axb3 d4 27. Ra1 h6 28. h4 Rfc8 29. Raxa5 Rxa5 30. Rxa5 Rc2 31. Rb5 Ba6 32. Rb8+ Kh7 33. Bh3 Rxb2 34. h5 Nxh5 35. Nxh5 Bxe2 36. Rb7 Bxf3 37. Bf5+ g6 38. Rxf7+ Kg8 39. Bxg6 Bxh5 40. Bxh5 Rxb3 1-0

[Event "Gudmundur Arason 5th"]
[Site "Hafnarfjordur"]
[Date "1999.12.17"]
[Round "6"]
[White "Bjornsson, Bjorn Freyr"]
[Black "Bjarnason, Saevar"]
[Result "0-1"]
[WhiteElo "2250"]
[BlackElo "2309"]
[PlyCount "114"]
[EventDate "1999.12.12"]
[EventType "tourn"]
[EventRounds "9"]
[EventCountry "ISL"]
[EventCategory "3"]
[SourceTitle "CBM 073 Extra"]
[Source "ChessBase"]
[SourceDate "2000.01.11"]
[SourceVersion "1"]
[SourceVersionDate "2000.01.11"]
[SourceQuality "1"]

1. e4 c5 2. Nf3 d6 3. d3 g6 4. g3 Bg7 5. Bg2 Nc6 6. 0-0 Rb8 7. Re1 Nf6 8. h3 0-0 9. Nc3 b6 10. Bg5 Bb7 11. Qd2 Qd7 12. Nd5 Nxd5 13. exd5 Ne5 14. Nxe5 dxe5 15. Bh6 f6 16. Bxg7 Kxg7 17. f4 exf4 18. Qxf4 Rfe8 19. c4 Qd6 20. Re6 Qxf4 21. gxf4 Bc8 22. Re3 Bf5 23. Rae1 Kf7 24. Be4 Bd7 25. h4 f5 26. Bf3 Kf6 27. Re5 Rbd8 28. d4 cxd4 29. Rd1 h6 30. Rxd4 g5 31. hxg5+ hxg5 32. Re3 gxf4 33. Rxf4 e5 34. dxe6 Bxe6 35. Bc6 Rg8+ 36. Kf2 Rd2+ 37. Re2 Rxe2+ 38. Kxe2 Ke5 39. Rh4 Rg4 40. Rxg4 fxg4 41. Kd3 g3 42. Bg2 Bf5+ 43. Ke3 Bb1 44. a3 Ba2 45. Kd3 Bb3 46. Kc3 Bd1 47. Kd2 Ba4 48. Kd3 Kf4 49. Kd4 Bd1 50. b4 Bf3 51. Bh3 Bb7 52. a4 Kf3 53. Ke5 Kf2 54. Kf4 Bc8 55. Bf1 Kxf1 56. Kxg3 Ke2 57. a5 Kd3 0-1

[Event "VISA GP"]
[Site "Reykjavik"]
[Date "1998.03.12"]
[Round "3"]
[White "Akesson, Ralf"]
[Black "Bjornsson, Bjorn Freyr"]
[Result "1-0"]
[WhiteElo "2505"]
[BlackElo "2240"]
[PlyCount "64"]
[EventDate "1998.03.10"]
[EventType "swiss"]
[EventRounds "9"]
[EventCountry "ISL"]
[SourceTitle "CBM 064"]
[Source "ChessBase"]
[SourceDate "1998.06.02"]
[SourceVersion "1"]
[SourceVersionDate "1998.06.02"]
[SourceQuality "1"]

1. Nf3 f5 2. d4 Nf6 3. g3 g6 4. Bg2 Bg7 5. b3 0-0 6. Bb2 d6 7. 0-0 c6 8. c4 Qe8 9. Qc2 Nbd7 10. Nbd2 e5 11. dxe5 dxe5 12. e4 f4 13. c5 Qe7 14. Nc4 Ne8 15. b4 g5 16. Bh3 a5 17. Nxa5 h5 18. Qb3+ Kh8 19. Qe6 Qd8 20. Nxb7 Bxb7 21. Qxd7 g4 22. Qxb7 gxh3 23. Nxe5 Kg8 24. Qxc6 Nc7 25. Rad1 Qg5 26. Qxc7 fxg3 27. hxg3 h4 28. Rd7 hxg3 29. Rxg7+ Qxg7 30. Qxg7+ Kxg7 31. Nd7+ Kg8 32. Nxf8 Rxf8 1-0

[Event "Hellir op"]
[Site "Reykjavik"]
[Date "1997.10.28"]
[Round "5"]
[White "Schmidt Schaeffer, Sebastian"]
[Black "Bjornsson, Bjorn Freyr"]
[Result "0-1"]
[WhiteElo "2365"]
[BlackElo "2220"]
[PlyCount "94"]
[EventDate "1997.10.24"]
[EventType "swiss"]
[EventRounds "9"]
[EventCountry "ISL"]
[SourceTitle "CBM 062 Extra"]
[Source "ChessBase"]
[SourceDate "1998.03.09"]
[SourceVersion "1"]
[SourceVersionDate "1998.03.09"]
[SourceQuality "1"]

1. e4 e5 2. Nf3 Nc6 3. Bb5 a6 4. Ba4 Nf6 5. 0-0 Nxe4 6. d4 Be7 7. Re1 f5 8. d5 Na5 9. Nxe5 0-0 10. c3 Bc5 11. Be3 Bxe3 12. Rxe3 d6 13. Nd3 Nc4 14. Re2 Qg5 15. Bb3 b5 16. Bxc4 bxc4 17. Nb4 Nc5 18. Nd2 f4 19. Nf3 Qh5 20. Qd4 Bg4 21. Re7 Rf6 22. Nd2 Kh8 23. Rae1 a5 24. Nc6 Nd3 25. Ne4 Rf7 26. Rxf7 Qxf7 27. Rb1 Re8 28. f3 Bf5 29. Qxc4 Nc5 30. Re1 Bxe4 31. fxe4 f3 32. Qf1 f2+ 33. Qxf2 Qxf2+ 34. Kxf2 Nd3+ 35. Kf1 Nxe1 36. Kxe1 Rxe4+ 37. Kd2 a4 38. Nd4 Rg4 39. g3 Kg8 40. Kd3 Rg5 41. Kc4 Rh5 42. h4 g5 43. Nf5 gxh4 44. Nxh4 Rg5 45. Kb5 Rxg3 46. Nf5 Rg5 47. Ne3 h5 0-1

[Event "Reykjavik op"]
[Site "Reykjavik"]
[Date "1996.??.??"]
[Round "2"]
[White "Bjarnason, Saevar"]
[Black "Bjornsson, Bjorn Freyr"]
[Result "1-0"]
[WhiteElo "2305"]
[BlackElo "2230"]
[PlyCount "85"]
[EventDate "1996.03.??"]
[EventType "swiss"]
[EventRounds "9"]
[EventCountry "ISL"]
[SourceTitle "CBM 052"]
[Source "ChessBase"]
[SourceDate "1996.06.01"]
[SourceVersion "1"]
[SourceVersionDate "1996.06.01"]
[SourceQuality "1"]

1. e4 e5 2. Nf3 Nc6 3. Bb5 a6 4. Ba4 Nf6 5. d3 d6 6. c3 g6 7. 0-0 Bg7 8. Re1 0-0 9. Bxc6 bxc6 10. d4 Nd7 11. Nbd2 exd4 12. cxd4 c5 13. Nc4 cxd4 14. Nxd4 Nc5 15. e5 dxe5 16. Nxe5 Bb7 17. Bf4 Qd5 18. Ndf3 Ne6 19. Bg3 Rad8 20. Qxd5 Rxd5 21. Rac1 c5 22. Nc4 Rfd8 23. Nfe5 Bh6 24. Rb1 Bf4 25. Bxf4 Nxf4 26. Na5 Re8 27. Ng4 Rxe1+ 28. Rxe1 Rg5 29. Nf6+ Kg7 30. Ne8+ Kf8 31. Nxb7 Rxg2+ 32. Kh1 Rxf2 33. Nxc5 Rxb2 34. Nd7+ Kg8 35. a4 Ra2 36. Nc5 Nh3 37. Nf6+ Kg7 38. Nfe4 f5 39. Ne6+ Kh6 40. Re3 Ra1+ 41. Kg2 Nf4+ 42. Nxf4 Rxa4 43. Nc5 1-0

[Event "Reykjavik op"]
[Site "Reykjavik"]
[Date "1996.??.??"]
[Round "5"]
[White "Bjornsson, Bjorn Freyr"]
[Black "Lyrberg, Patrik"]
[Result "0-1"]
[WhiteElo "2230"]
[BlackElo "2425"]
[PlyCount "66"]
[EventDate "1996.03.??"]
[EventType "swiss"]
[EventRounds "9"]
[EventCountry "ISL"]
[SourceTitle "CBM 052"]
[Source "ChessBase"]
[SourceDate "1996.06.01"]
[SourceVersion "1"]
[SourceVersionDate "1996.06.01"]
[SourceQuality "1"]

1. d4 Nf6 2. c4 g6 3. Nc3 Bg7 4. Nf3 0-0 5. e4 d6 6. h3 c5 7. d5 a6 8. a4 e6 9. Bd3 exd5 10. cxd5 Nbd7 11. 0-0 Nh5 12. g4 Nhf6 13. Bf4 Qe7 14. Qc2 h5 15. g5 Nh7 16. Be3 f6 17. h4 fxg5 18. Nxg5 Ne5 19. Be2 Nf7 20. f4 Bd4 21. Qd2 Nhxg5 22. fxg5 Bh3 23. Rf2 Qe5 24. Bxd4 cxd4 25. Nd1 Qg3+ 26. Kh1 Ne5 27. Ra3 Qxh4 28. Qxd4 Ng4 29. Bxg4 Bxg4+ 30. Kg2 Bxd1 31. Rg3 Rxf2+ 32. Kxf2 Qh2+ 33. Rg2 Rf8+ 0-1

[Event "World op 24th"]
[Site "Philadelphia"]
[Date "1996.??.??"]
[Round "?"]
[White "Hanken, Jerome B"]
[Black "Bjornsson, Bjorn Freyr"]
[Result "1-0"]
[WhiteElo "2180"]
[BlackElo "2230"]
[PlyCount "61"]
[EventDate "1996.06.29"]
[EventType "swiss"]
[EventRounds "9"]
[EventCountry "USA"]
[SourceTitle "EXT 2001"]
[Source "ChessBase"]
[SourceDate "2000.11.22"]
[SourceVersion "1"]
[SourceVersionDate "2000.11.22"]
[SourceQuality "1"]

1. c4 Nf6 2. g3 g6 3. Bg2 Bg7 4. Nc3 d6 5. e3 0-0 6. Nge2 c6 7. d4 e5 8. 0-0 Nbd7 9. b3 Ne8 10. dxe5 Nxe5 11. f4 Nd7 12. e4 f5 13. exf5 gxf5 14. Be3 Qe7 15. Qd2 Nc5 16. Rad1 a5 17. Rfe1 Nf6 18. Bf2 Ne8 19. Nd4 Qf6 20. Nde2 Qf7 21. Bd4 Be6 22. Bxg7 Qxg7 23. Nd4 Bd7 24. Re2 Rd8 25. a3 Nc7 26. b4 axb4 27. axb4 N5e6 28. Nc2 Be8 29. Rde1 Qf6 30. b5 Kh8 31. b6 1-0

[Event "Reykjavik op"]
[Site "Reykjavik"]
[Date "1996.??.??"]
[Round "4"]
[White "Thorarinsson, Pall A"]
[Black "Bjornsson, Bjorn Freyr"]
[Result "0-1"]
[WhiteElo "2065"]
[BlackElo "2230"]
[PlyCount "66"]
[EventDate "1996.03.??"]
[EventType "swiss"]
[EventRounds "9"]
[EventCountry "ISL"]
[SourceTitle "CBM 052"]
[Source "ChessBase"]
[SourceDate "1996.06.01"]
[SourceVersion "1"]
[SourceVersionDate "1996.06.01"]
[SourceQuality "1"]

1. c4 g6 2. Nc3 Bg7 3. e4 c5 4. Nge2 Nc6 5. g3 e6 6. Bg2 Nge7 7. 0-0 Nd4 8. a3 Nec6 9. Rb1 h5 10. f4 h4 11. d3 hxg3 12. hxg3 d6 13. b4 cxb4 14. axb4 Nxe2+ 15. Nxe2 Qb6+ 16. Rf2 e5 17. Bb2 Bg4 18. b5 exf4 19. Bxg7 fxg3 20. d4 gxf2+ 21. Kxf2 Bxe2 22. Kxe2 Rh2 23. Kf1 Ne7 24. Kg1 Rh5 25. Bf6 Ng8 26. Qf3 Nxf6 27. Qxf6 d5 28. Qg7 dxe4 29. Qg8+ Ke7 30. Qxa8 Qxd4+ 31. Kf1 Qd3+ 32. Kf2 Rf5+ 33. Kg1 Qe3+ 0-1

[Event "ISL-chT"]
[Site "Iceland"]
[Date "1995.??.??"]
[Round "?"]
[White "Gretarsson, Helgi Ass"]
[Black "Bjornsson, Bjorn Freyr"]
[Result "1-0"]
[WhiteElo "2450"]
[BlackElo "2225"]
[PlyCount "79"]
[EventDate "1995.??.??"]
[EventType "team-tourn"]
[EventRounds "7"]
[EventCountry "ISL"]
[SourceTitle "EXT 2000"]
[Source "ChessBase"]
[SourceDate "1999.11.16"]
[SourceVersion "1"]
[SourceVersionDate "1999.11.16"]
[SourceQuality "1"]

1. d4 Nf6 2. c4 c5 3. d5 e6 4. Nc3 exd5 5. cxd5 d6 6. e4 g6 7. Bf4 a6 8. Nf3 Bg7 9. Qa4+ Kf8 10. Be2 Nh5 11. Bg5 Qc7 12. Nd2 h6 13. Be3 Nf6 14. h3 Nbd7 15. 0-0 Kg8 16. b4 Kh7 17. Rac1 Qb8 18. bxc5 Nxc5 19. Qb4 Nfd7 20. f4 b6 21. Qb1 Re8 22. Bf3 Bb7 23. Nc4 b5 24. Na5 Qc7 25. Nxb7 Qxb7 26. e5 dxe5 27. f5 Rac8 28. fxg6+ fxg6 29. Ne4 Nxe4 30. Bxe4 Nf8 31. Rc6 Rxc6 32. dxc6 Qe7 33. Qb3 Qe6 34. Rf7 Qxb3 35. axb3 Kg8 36. Ra7 Kh7 37. c7 Ne6 38. Bd5 Nd4 39. Bxd4 exd4 40. Ra8 1-0

[Event "World op 23rd"]
[Site "Philadelphia"]
[Date "1995.??.??"]
[Round "2"]
[White "Yermolinsky, Alex"]
[Black "Bjornsson, Bjorn Freyr"]
[Result "1-0"]
[WhiteElo "2560"]
[BlackElo "2225"]
[PlyCount "51"]
[EventDate "1995.06.??"]
[EventType "swiss"]
[EventRounds "9"]
[EventCountry "USA"]
[SourceTitle "EXT 2000"]
[Source "ChessBase"]
[SourceDate "1999.11.16"]
[SourceVersion "1"]
[SourceVersionDate "1999.11.16"]
[SourceQuality "1"]

1. Nf3 d5 2. g3 Nf6 3. Bg2 Bg4 4. c4 e6 5. Qb3 Qc8 6. Nc3 c6 7. d4 Be7 8. Bf4 Bxf3 9. Bxf3 0-0 10. Rc1 Qd7 11. 0-0 Na6 12. Rfd1 Bb4 13. a3 Ba5 14. Be5 Nc7 15. Na4 Na6 16. Bxf6 gxf6 17. cxd5 exd5 18. e4 dxe4 19. Bxe4 Rfe8 20. Qf3 Qe7 21. Bd3 Qd6 22. Qf5 b5 23. Nc5 Nxc5 24. dxc5 Qe5 25. Qxh7+ Kf8 26. b4 1-0